Felsőoktatási szakpolitikák tervezése és implementációja longitudinális, komparatív és kauzális perspektívában
Recenziómban a Musselin és Teixeira szerkesztésében megjelent Reforming Higher Education című kötetet mutatom be, amely a felsőoktatási reformokkal foglalkozik a közpolitikai tervezés és az implementáció oldaláról. A kötet három alkalmazott nézőpontja (longitudinális, komparatív és kauzális), az öss...
Elmentve itt :
| Szerző: | |
|---|---|
| Dokumentumtípus: | Cikk |
| Megjelent: |
2015
|
| Sorozat: | Iskolakultúra
25 No. 2 |
| Online Access: | http://misc.bibl.u-szeged.hu/41686 |
| LEADER | 01204nab a2200181 i 4500 | ||
|---|---|---|---|
| 001 | misc41686 | ||
| 005 | 20191106140436.0 | ||
| 008 | 180706s2015 hu o 0|| zxx d | ||
| 022 | |a 1215-5233 | ||
| 040 | |a SZTE Miscellanea Repozitórium |b hun | ||
| 041 | |a zxx | ||
| 100 | 1 | |a Horváth László | |
| 245 | 1 | 0 | |a Felsőoktatási szakpolitikák tervezése és implementációja longitudinális, komparatív és kauzális perspektívában |h [elektronikus dokumentum] / |c Horváth László |
| 260 | |c 2015 | ||
| 300 | |a 125-128 | ||
| 490 | 0 | |a Iskolakultúra |v 25 No. 2 | |
| 520 | 3 | |a Recenziómban a Musselin és Teixeira szerkesztésében megjelent Reforming Higher Education című kötetet mutatom be, amely a felsőoktatási reformokkal foglalkozik a közpolitikai tervezés és az implementáció oldaláról. A kötet három alkalmazott nézőpontja (longitudinális, komparatív és kauzális), az összes tanulmányon átívelő elemek koherenciája (új közmenedzsment, neoliberális irányzat), valamint interdiszciplináris szemlélete miatt tarthat számot a szélesebb nyilvánosság érdeklődésére. | |
| 856 | 4 | 0 | |u http://misc.bibl.u-szeged.hu/41686/1/EPA00011_iskolakultura_2015_02_125-128.pdf |z Dokumentum-elérés |